| 000 | 00378nam a2200145Ia 4500 | ||
|---|---|---|---|
| 008 | 240624s9999 xx 000 0 und d | ||
| 041 | _aeng | ||
| 082 | _a658.4056 MEI | ||
| 100 | _aJORDAN MEIER JANE | ||
| 245 | _aFOUR STAGE OF HIGHLY EFFECTIVE CRISIS MA | ||
| 250 | _a11 | ||
| 260 |
_c2011 _aNew York _bCRC Press |
||
| 300 | _axxiii, : 296 : p. : cm. ; 24 | ||
| 365 |
_cBPS _b27 |
||
| 999 |
_c17807 _d17807 |
||